Entry Nombre personal
001 - NÚMERO DE CONTROL
- campo de control: 153339
003 - IDENTIFICADOR DE NÚMERO DE CONTROL
- campo de control: OSt
005 - FECHA Y HORA DE LA ÚLTIMA TRANSACCIÓN
- campo de control: 20251118153330.0
008 - ELEMENTOS DE DATO DE LONGITUD-FIJA
- campo de control de longitud fija: 130829 b azzaaaaaa a aaa d
040 ## - FUENTE DE CATALOGACIÓN
- Centro catalogador/agencia de origen: OSt
- Centro/agencia transcriptor: OSt
100 1# - ENCABEZAMIENTO-NOMBRE DE PERSONA
- Nombre de persona: Méndez Bringa, Narciso,
- Fechas asociadas al nombre: 1868-1933
400 1# - TRAZADO DE VÉASE--NOMBRE DE PERSONA
- Nombre de persona: Méndez-Bringa (
- Fechas asociadas al nombre: 1868-1933)
400 1# - TRAZADO DE VÉASE--NOMBRE DE PERSONA
- Nombre de persona: Méndez Bringa (
- Fechas asociadas al nombre: 1868-1933)
400 1# - TRAZADO DE VÉASE--NOMBRE DE PERSONA
- Nombre de persona: Méndez (
- Fechas asociadas al nombre: 1868-1933)
400 1# - TRAZADO DE VÉASE--NOMBRE DE PERSONA
- Nombre de persona: Méndez-Bringa (
- Fechas asociadas al nombre: 1868-1933)
400 1# - TRAZADO DE VÉASE--NOMBRE DE PERSONA
- Nombre de persona: Méndez Bringa, N. (
- Fechas asociadas al nombre: 1868-1933)
400 1# - TRAZADO DE VÉASE--NOMBRE DE PERSONA
- Nombre de persona: Méndez-Bringa, Narciso (
- Fechas asociadas al nombre: 1868-1933)
400 1# - TRAZADO DE VÉASE--NOMBRE DE PERSONA
- Nombre de persona: Bringa, M. (
- Fechas asociadas al nombre: 1868-1933)
